000 00155nam a22000857a 4500
082 _a823
100 _aGEORGE
245 _aSTORIES OF TENALI RAMAN
942 _cBK
999 _c8259
_d8259